000 00720nam a22001697a 4500
003 SGT
020 _a9788122440638
082 _a543.0858, KAL
100 _aKALSI P S
245 _aSPECTROSCOPY OF ORGANIC COMPOUNDS
250 _a7TH
260 _aNEW DELHI
_bNEW AGE
_c2016
300 _a569
650 _aANALYTICAL CHEMISTRY
653 _a Energy-The Electromagnetic Spectrum and the Absorption Spectrum, Ultraviolet (UV) and Visible Spectroscopy, Infrared Spectroscopy (IR)., Proton Nuclear Magnetic Resonance Spectroscopy-¹H NMR, Carbon-13 NMR Spectroscopy (¹³C NMR),Two-dimensional Correlated Spectroscopy (2D COSY), Mass Spectrometry, Spectroscopic Solutions of Structural Problems
942 _2ddc
_cFPS
_07
999 _c9258
_d9258